000 01279cam a2200349 a 4500
001 EDZ0000159978
003 StDuBDS
005 20161031105253.0
006 m||||||||d||||||||
007 cr |||||||||||
008 130912s1998 caua fo| 001|0|eng|d
020 _a9781483345291 (ebook) :
_cNo price
040 _aStDuBDS
_beng
_cStDuBDS
_epn
049 _aAlfaisal Main Library
050 0 _aHD30.3
_b.P68 1998
082 0 4 _a302.35
_223
245 0 0 _aPower and influence in organizations
_h[electronic resource] /
_cRoderick M. Kramer, Margaret A. Neale, editors.
260 _aThousand Oaks, Calif. :
_bSAGE,
_cc1998.
300 _a1 online resource (x, 398 p.) :
_bill.
504 _aIncludes bibliographical references and index.
521 _aSpecialized.
588 _aDescription based on print version record.
650 0 _aCommunication in organizations.
650 0 _aCommunication in management.
655 7 _aElectronic books.
_2local
700 1 _aKramer, Roderick M.
_q(Roderick Moreland),
_d1950-
700 1 _aNeale, Margaret Ann.
710 2 _aSage eBooks
776 0 8 _iPrint version :
_z9780761908616
856 4 0 _uhttp://ezproxy.alfaisal.edu/login?url=http://sk.sagepub.com/books/power-and-influence-in-organizations
942 _2lcc
_cEBOOKS
999 _c483137
_d483137